000 00346 a2200157 4500
001 56969
020 _a851600256x
040 _cAnchieta - Pituba
100 _aNicolelis, Giselda Laporta
240 1 0 _aVale das vertentes
_lpor
245 1 0 _aVale das vertentes
300 _a95
362 0 _a1983
650 4 _aLiteratura juvenil
942 _cBK
999 _c56969
_d56969